[Event "Pizol op"]
[Site "Pizol"]
[Date "1997.??.??"]
[Round "?"]
[White "Weindl, Alfred"]
[Black "Schneuwly, Achim"]
[Result "0-1"]
[WhiteElo "2335"]
[BlackElo "2120"]

1.Nf3 d5 2.g3 Nf6 3.Bg2 e6 4.O-O Be7 5.d3 c5 6.Nbd2 O-O 7.e4 Nc6 8.Re1 b5
9.e5 Nd7 10.Nf1 a5 11.h4 b4 12.N1h2 Ba6 13.Bh3 c4 14.d4 a4 15.Be3 a3 16.bxa3 Bb5
17.Ng5 Rxa3 18.Qh5 Bxg5 19.hxg5 Ba4 20.Rac1 Qe8 21.Qh4 Ne7 22.Ng4 Ng6 23.Qh5 Rxa2
24.Kh2 Bxc2 25.Rh1 f5 26.exf6 gxf6 27.Kg1 Nf4 28.Qxe8 Nxh3+ 29.Rxh3 Rxe8
30.gxf6 Bg6 31.Bf4 b3 32.Nh6+ Kh8 33.f7 Rf8 34.Bd6 b2 35.Rf1 b1=Q 36.Rxb1 Bxb1
37.g4 Bg6 38.Rf3 Ra1+ 39.Kh2 Kg7 40.g5 Rfa8 41.Be7 R1a3 42.Rf4  0-1

[Event "Pizol op"]
[Site "Pizol"]
[Date "1997.??.??"]
[Round "?"]
[White "Weindl, Alfred"]
[Black "Prang, Edgar"]
[Result "1-0"]
[WhiteElo "2335"]
[BlackElo "2330"]

1.Nf3 d5 2.g3 c6 3.Bg2 Bg4 4.O-O Nd7 5.d3 e6 6.Nbd2 Bd6 7.Qe1 Ne7 8.e4 O-O
9.Kh1 Bxf3 10.Nxf3 Rc8 11.Qe2 Re8 12.Ng5 h6 13.Nh3 Qb6 14.Nf4 Bxf4 15.Bxf4 Qxb2
16.Rab1 Qxa2 17.Ra1 Qb2 18.Rfb1 Qf6 19.Rxa7 e5 20.Bc1 dxe4 21.dxe4 Rc7 22.Rbxb7 Rxb7
23.Rxb7 Nc5 24.Rb1 Qe6 25.Be3 Na4 26.Qd3 c5 27.Qb5 Qc6 28.Qxc6 Nxc6 29.Ra1 Rb8
30.Rxa4 Rb1+ 31.Bf1 Rxf1+ 32.Kg2 Rd1 33.Ra8+ Kh7 34.Rc8 Nd4 35.Rxc5 f6 36.Rd5  1-0

[Event "Pizol op"]
[Site "Pizol"]
[Date "1997.??.??"]
[Round "?"]
[White "Weindl, Alfred"]
[Black "Donev, Ivo Hristov"]
[Result "1/2-1/2"]
[WhiteElo "2335"]
[BlackElo "2420"]

1.Nf3 d5 2.g3 Bg4 3.Bg2 Nd7 4.O-O c6 5.d3 e5 6.Nbd2 Bd6 7.e4 Ne7 8.Qe1 O-O
9.Kh1 f6 10.Ng1 Bc5 11.f3 Be6 12.f4 Bxg1 13.Rxg1 d4 14.f5 Bf7 15.Nf3 Bh5
16.g4 Bxg4 17.Qh4 Bxf5 18.exf5 Nxf5 19.Qg4 g6 20.Bh3 Kh8 21.Nh4 Nxh4 22.Qxh4 f5
23.Bg5 Qe8 24.Bh6 Rf7 25.Rae1 Qe7 26.Qxe7 Rxe7 27.Re2 Rae8 28.Rge1 Kg8 29.Kg1 Kf7
30.Bg5 Re6 31.Kf1 Nc5 32.Bg2 e4 33.dxe4 Nxe4 34.Bxe4 fxe4 35.Rf2+ Kg7 36.Ke2 h6
37.Bh4 g5 38.Bg3 Rf6 39.Ref1 Rxf2+ 40.Rxf2 Kg6 41.Bd6 b6 42.a4 c5 43.Rf8 Rxf8
44.Bxf8 c4 45.b4 cxb3 46.cxb3 a6 47.Be7 Kf5 48.Bd8 b5 49.axb5 axb5 50.Bb6 Ke5
51.Bc7+ Kd5 52.Bd8 g4 53.Bf6 h5 54.Kd2 Kc5 55.Be7+ Kc6 56.Bf6 Kd5 57.Ke2 Kc5
58.Be7+ Kc6 59.Bf6 Kd5 60.Kd2  1/2-1/2

[Event "Plzen KB opJ-C"]
[Site "Plzen"]
[Date "1997.??.??"]
[Round "1"]
[White "Markov, Jurij"]
[Black "Konig, V."]
[Result "1-0"]
[WhiteElo "2415"]
[BlackElo "1750"]

1.Nf3 d5 2.g3 Nf6 3.Bg2 Bf5 4.c4 e6 5.cxd5 exd5 6.Qb3 b6 7.Nc3 Be6 8.Ng5 Be7
9.e4 c6 10.O-O Nbd7 11.Nxe6 fxe6 12.d4 O-O 13.Bh3 Kf7 14.Re1 Re8 15.e5 Ng8
16.Ne2 Nh6 17.Bxh6 gxh6 18.Qf3+ Kg7 19.Bxe6 Rf8 20.Qg4+  1-0

[Event "Plzen KB opJ-B"]
[Site "Plzen"]
[Date "1997.??.??"]
[Round "5"]
[White "Lasek, F."]
[Black "Batelkova, Lucie"]
[Result "1/2-1/2"]
[WhiteElo "1950"]
[BlackElo "1765"]

1.Nf3 d5 2.g3 Nf6 3.Bg2 Bf5 4.O-O e6 5.d4 c5 6.c4 Nc6 7.Qb3 Nb4 8.Na3 Be4
9.Be3 cxd4 10.Nxd4 Bxg2 11.Kxg2 dxc4 12.Qa4+ Qd7 13.Qxd7+ Nxd7 14.Ndb5 Nd5
15.Nxc4 a6  1/2-1/2

[Event "Portoroz op"]
[Site "Portoroz"]
[Date "1997.??.??"]
[Round "?"]
[White "Mikac, Matjaz"]
[Black "Nikolov, Sasho"]
[Result "0-1"]
[WhiteElo "2440"]
[BlackElo "2370"]

1.Nf3 d5 2.g3 Nf6 3.Bg2 Nbd7 4.c4 e6 5.d4 Be7 6.O-O O-O 7.Qc2 c6 8.b3 b6
9.Rd1 Bb7 10.Nc3 Rc8 11.e4 dxe4 12.Ne5 Nxe5 13.dxe5 Nd7 14.Bxe4 g6 15.Bb2 Qc7
16.f4 b5 17.Bg2 bxc4 18.Ne4 cxb3 19.axb3 Ba8 20.Ra6 Nb8 21.Ra4 Rcd8 22.Nd6 Nd7
23.Rda1 Bxd6 24.exd6 Qb6+ 25.Kh1 c5 26.Ra6 Bxg2+ 27.Kxg2 Qb7+ 28.Kf2 Ra8
29.h4 Rfb8 30.R6a3 h5 31.Qc3 f6 32.Qc4 Kf7 33.Bc3 Re8 34.Re1 Qd5 35.Rea1 Qxd6
36.Rxa7 Rxa7 37.Rxa7 Re7 38.f5 gxf5 39.Qe2 Kg6 40.Ra8 Ne5 41.Rg8+ Kf7 42.Bxe5 Qxe5
43.Qxe5 fxe5 44.Rc8 Rb7 45.Rxc5 Kf6 46.Rc3 f4 47.Rc5 Rxb3 48.gxf4 exf4 49.Rxh5 e5
50.Rh8 e4 51.Rf8+ Ke5 52.Re8+ Kf5 53.Rf8+ Kg4 54.Rg8+ Kxh4 55.Rh8+ Kg4 56.Rg8+ Kf5
57.Rf8+ Ke5 58.Re8+ Kd4 59.Rd8+ Kc3 60.Rc8+ Kd2  0-1

[Event "CRO-Cup"]
[Site "Pula"]
[Date "1997.??.??"]
[Round "?"]
[White "Golubovic, Boris"]
[Black "Kapic, Ibrahim"]
[Result "1-0"]
[WhiteElo "2450"]
[BlackElo "2300"]

1.Nf3 d5 2.g3 Nf6 3.Bg2 Bf5 4.O-O h6 5.c4 c6 6.d3 e6 7.cxd5 exd5 8.Be3 Bd6
9.Qb3 Qe7 10.Bd4 O-O 11.Bxf6 gxf6 12.Nc3 Na6 13.d4 Qd7 14.Nh4 Bh7 15.e4 dxe4
16.Nxe4 Be7 17.Rad1 Rad8 18.d5 cxd5 19.Rxd5 Qe6 20.Nc3 Nc5 21.Qd1 f5 22.Qh5 Rxd5
23.Nxd5 Bg5 24.Nf3 Bg6 25.Nxg5 Bxh5 26.Nxe6 fxe6 27.Nf4 Bf7 28.b4 Na4 29.Re1 Nc3
30.a3 b6 31.Re3 Nb5 32.Nxe6 Rc8 33.h4 Rc1+ 34.Kh2 Ra1 35.Re5 Nd6 36.Nd4 f4
37.gxf4 Rxa3 38.Re7 Rd3 39.Nc6 Nf5 40.Rxf7 Nxh4 41.Rxa7 Rd2 42.Ne7+ Kf8 43.Kg3 Nxg2
44.Kxg2 Rd4 45.Ng6+ Kg8 46.f5 Rxb4 47.Kg3 h5 48.f4 Rb1 49.Kh4 Rh1+ 50.Kg5 Rg1+
51.Kf6  1-0

[Event "CRO-Cup"]
[Site "Pula"]
[Date "1997.??.??"]
[Round "?"]
[White "Petrovic, Zvonko"]
[Black "Markotic, Branimir"]
[Result "1-0"]
[WhiteElo "2285"]
[BlackElo "2225"]

1.Nf3 d5 2.g3 Nf6 3.Bg2 g6 4.O-O Bg7 5.d4 O-O 6.c4 c6 7.b3 Bf5 8.Bb2 Qc8
9.Re1 Ne4 10.Ne5 f6 11.Nd3 Rd8 12.f3 Ng5 13.h4 Nf7 14.e4 dxe4 15.fxe4 Bg4
16.Qc2 e5 17.d5 g5 18.hxg5 Nxg5 19.Nd2 Bh3 20.Bh1 Qg4 21.Re3 Bh6 22.Nf2 Qh5
23.Nf3 Bd7 24.Nxg5 Bxg5 25.Qe2 Qg6 26.Rd3 Na6 27.Ba3 Kh8 28.Bf3 Rg8 29.Bh5 Qg7
30.Kh2 Qh6 31.Kg2 Bf4 32.Rh1 Bxg3 33.Bg4 Bxg4 34.Nxg4 Qf4  1-0

[Event "EU-chT (Men)"]
[Site "Pula"]
[Date "1997.??.??"]
[Round "1"]
[White "Kengis, Edvins"]
[Black "Guliev, Sarhan"]
[Result "1-0"]
[WhiteElo "2585"]
[BlackElo "2425"]

1.Nf3 d5 2.g3 c6 3.Bg2 Nf6 4.O-O Bf5 5.d3 e6 6.Nc3 h6 7.Nd2 e5 8.e4 dxe4
9.dxe4 Be6 10.Qe2 Nbd7 11.f4 Nb6 12.Kh1 Bg4 13.Qe1 h5 14.fxe5 Nfd7 15.e6 Bxe6
16.Nf3 Be7 17.Be3 h4 18.gxh4 Bxh4 19.Nxh4 Qxh4 20.Bf4 Qxe1 21.Raxe1 O-O-O
22.e5 Nc5 23.b4 Nca4 24.Re3 Nxc3 25.Rxc3 Nd7 26.b5 c5 27.a4 Rh5 28.a5 c4
29.Rd1 Rdh8 30.a6 bxa6 31.bxa6 Nxe5 32.Rb1 Rd8 33.Kg1 Rd6 34.Rg3 g6 35.Re1 f6
36.Rxg6 Rxa6 37.Rxf6  1-0

[Event "EU-chT (Women)"]
[Site "Pula"]
[Date "1997.??.??"]
[Round "1"]
[White "Ioseliani, Nana"]
[Black "Pokorna, Regina"]
[Result "1-0"]
[WhiteElo "2510"]
[BlackElo "2195"]

1.Nf3 d5 2.g3 e6 3.Bg2 c5 4.O-O Nf6 5.d3 Nc6 6.Nbd2 Be7 7.e4 dxe4 8.dxe4 O-O
9.c3 Qc7 10.Re1 Rd8 11.Qc2 b6 12.Nc4 Ba6 13.Bf1 Bb7 14.Bf4 Qc8 15.e5 Nd5
16.Bg5 h6 17.Bxe7 Ncxe7 18.Nd6 Qc7 19.Nxb7 Qxb7 20.Qe4 Qc7 21.Nh4 g6 22.a3 Nf5
23.Nf3 Nde7 24.g4 Ng7 25.Bd3 Rac8 26.Rad1 Rd7 27.Qf4 Rcd8 28.Qxh6 Nef5 29.gxf5 Nxf5
30.Bxf5 Rxd1 31.Bc2 Rxe1+ 32.Nxe1 Qxe5 33.Kf1 Qd5 34.Qf4 Qh1+ 35.Ke2 Qc6
36.Nd3 Rd5 37.Ba4 Qb7 38.Qe4 Qb8 39.Bb3 Rf5 40.f4 b5 41.Ne5 Rh5 42.Bxe6  1-0

[Event "EU-chT (Men)"]
[Site "Pula"]
[Date "1997.??.??"]
[Round "4"]
[White "Cummings, David H"]
[Black "Upton, Timothy J"]
[Result "1/2-1/2"]
[WhiteElo "2375"]
[BlackElo "2285"]

1.Nf3 d5 2.g3 Nf6 3.Bg2 e6 4.O-O Be7 5.c4 O-O 6.d4 dxc4 7.Qc2 a6 8.a4 Bd7
9.Qxc4 Bc6 10.Bf4 Nbd7 11.Nc3 Nb6 12.Qd3 Nbd5 13.Bg5 Nxc3 14.bxc3 Be4 15.Qe3 Bd5
16.Bxf6 Bxf6 17.Qd3 c5 18.e4 Bc6 19.Rfd1 cxd4 20.cxd4 Qa5 21.Nd2 Rad8 22.Nc4 Qc7
23.e5 Be7 24.Bxc6 Qxc6 25.Ne3 Qf3 26.Rab1 f6 27.Nc4 Qxd3 28.Rxd3 Bc5 29.Rbd1  1/2-1/2

[Event "EU-chT (Men)"]
[Site "Pula"]
[Date "1997.??.??"]
[Round "4"]
[White "Dizdarevic, Emir"]
[Black "Sergejev, Roman"]
[Result "1/2-1/2"]
[WhiteElo "2540"]
[BlackElo "2370"]

1.Nf3 d5 2.g3 Bg4 3.Ne5 Bf5 4.d4 Nd7 5.Bg2 c6 6.Nd2 Ngf6 7.O-O e6 8.b3 Be7
9.Bb2 O-O 10.c4 h6 11.Qc1 a5 12.Bc3 Qb6 13.Nxd7 Nxd7 14.Re1 Rfd8 15.a3 Nf6  1/2-1/2

[Event "EU-chT (Men)"]
[Site "Pula"]
[Date "1997.??.??"]
[Round "5"]
[White "Cummings, David H"]
[Black "Antunes, Antonio"]
[Result "1-0"]
[WhiteElo "2375"]
[BlackElo "2510"]

1.Nf3 d5 2.g3 c6 3.Bg2 Nf6 4.O-O Bg4 5.d4 e6 6.Nbd2 Nbd7 7.b3 Be7 8.Bb2 O-O
9.Re1 a5 10.c4 b5 11.e4 a4 12.e5 Ne8 13.cxb5 cxb5 14.Nf1 Nc7 15.Ne3 Bh5 16.Qd2 Nb6
17.Bc3 Na6 18.Ba5 Qb8 19.Rec1 Qb7 20.Ne1 axb3 21.axb3 Bg6 22.Nd3 Bxd3 23.Qxd3 Nc8
24.Bd2 Na7 25.h4 Nc6 26.Ng4 Nab4 27.Bxb4 Nxb4 28.Qd2 Rxa1 29.Rxa1 Ra8 30.Rxa8+ Qxa8
31.Bf1 Qa1 32.Kg2 Nc6 33.Bxb5 Nxd4 34.Ba4 Nf5 35.h5 h6 36.Bb5 Nd4 37.Bd3 Nxb3
38.Nxh6+ Kf8 39.Qf4 gxh6 40.Qxh6+ Ke8 41.Qh8+ Kd7 42.Qb8 Nd4 43.h6 Qd1 44.Qa7+ Ke8
45.Qxd4 Qh5 46.Qa4+  1-0

[Event "EU-chT (Men)"]
[Site "Pula"]
[Date "1997.??.??"]
[Round "5"]
[White "Dizdar, Goran"]
[Black "Sadler, Matthew"]
[Result "0-1"]
[WhiteElo "2550"]
[BlackElo "2645"]

1.Nf3 d5 2.g3 Nf6 3.Bg2 e6 4.O-O Be7 5.c4 O-O 6.d4 dxc4 7.Qc2 a6 8.a4 Bd7
9.Rd1 Bc6 10.Nc3 Bxf3 11.Bxf3 Nc6 12.Bxc6 bxc6 13.Bg5 Rb8 14.e3 Nd7 15.Bxe7 Qxe7
16.Ne4 Rb4 17.Nd2 c5 18.Nxc4 Rfb8 19.Rac1 h6 20.dxc5 Nf6 21.Ne5 Rxb2 22.Qc4 Nd5
23.e4 Ne3 24.fxe3 Qg5 25.Qc3 Qh5 26.Rd8+ Kh7 27.Rd2 Rxd2 28.Qxd2 Qxe5 29.Qd4 Qg5
30.Rf1 e5 31.Qc3 f6 32.Kg2 Qg4 33.Qc4 a5 34.h3 Qd7 35.Qc2 Qc6 36.Rd1 Rb4
37.Rd8 Rxa4 38.Rc8 Rb4  0-1

[Event "EU-chT (Women)"]
[Site "Pula"]
[Date "1997.??.??"]
[Round "7"]
[White "Danielian, Elina"]
[Black "Garcia, Nieves"]
[Result "1/2-1/2"]
[WhiteElo "2345"]
[BlackElo "2245"]

1.Nf3 d5 2.g3 c5 3.Bg2 Nc6 4.O-O Nf6 5.d3 e5 6.Nbd2 Be7 7.e4 O-O 8.Re1 d4
9.h3 b5 10.a4 bxa4 11.Rxa4 Nd7 12.Nc4 Nb6 13.Nxb6 Qxb6 14.Nd2 Na5 15.f4 Bd7
16.Ra1 exf4 17.gxf4 Bh4 18.Rf1 f5 19.Nf3 Bf6 20.e5 Be7 21.Ng5 Bc6 22.Nf3 Bd5
23.Kh2 Rad8 24.Rg1 Nc6 25.Qe2 Nb4 26.Bd2 Rd7 27.c3 dxc3 28.bxc3 Bxf3 29.Bxf3 Nxd3
30.Qg2 Bh4 31.Bc6 Re7 32.Be3 Rc8 33.Bd5+ Kh8 34.Rgd1 Qb5 35.Rab1 Qa6 36.Bb7 Rxb7
37.Rxb7 Rg8 38.Rd7 Ne1 39.Rxe1 Bxe1 40.Bxc5 Bxc3 41.Rxa7 Qc4 42.Qf2 Rc8 43.Qg3 Qe2+
44.Bf2 Rg8 45.Qe3 Qxe3 46.Bxe3 g5 47.Rf7 gxf4 48.Bxf4 Rg6 49.Rxf5 Kg7 50.h4 Rg4
51.Kh3 h5 52.Bg3 Kg6 53.Rf6+ Kg7 54.Rc6 Bb2 55.Rb6 Bd4 56.Rb5 Kf7 57.Rd5 Ke7
58.Rb5 Bc3 59.Rb7+ Ke6 60.Rb6+ Kd5 61.Rb3 Bd4 62.Rb5+ Kc6 63.Ra5 Bb6 64.Ra8 Bd4
65.Ra6+ Kd5 66.Ra5+ Ke6 67.Ra6+ Kd5 68.Ra8 Re4 69.Rd8+ Ke6 70.Kg2 Ke7 71.Rd5 Ke6
72.Rd6+ Kf7 73.Rh6 Bxe5 74.Kf3  1/2-1/2

[Event "EU-chT (Men)"]
[Site "Pula"]
[Date "1997.??.??"]
[Round "8"]
[White "Bogdanovski, Vlatko"]
[Black "Magem Badals, Jorge"]
[Result "0-1"]
[WhiteElo "2495"]
[BlackElo "2570"]

1.Nf3 d5 2.g3 Nf6 3.Bg2 Bg4 4.O-O Nbd7 5.c4 e6 6.cxd5 exd5 7.d3 Be7 8.Nc3 O-O
9.Bf4 c6 10.h3 Bh5 11.Nd4 Re8 12.a3 Qb6 13.Nb3 Bf8 14.g4 Bg6 15.Rc1 a5 16.Na4 Qb5
17.Nd4 Qa6 18.Bg3 Qa7 19.e3 Qa6 20.Nf5 Bxf5 21.gxf5 Ne5 22.Rc3 Rad8 23.Re1 b5
24.Nc5 Qc8 25.Nb3 b4 26.Rc2 bxa3 27.Nxa5 Bb4 28.Bxe5 Bxa5 29.Bxf6 gxf6 30.b4 Bc7
31.Bh1 Qxf5 32.Rxc6 Bd6 33.Qg4+ Qxg4+ 34.hxg4 Bxb4 35.Ra1 Re6 36.Rc7 d4 37.Rc4 Rb8
38.Be4 dxe3 39.fxe3 Bf8 40.Kg2 Rb2+ 41.Kf3 Rh2 42.Rc8 Kg7 43.Rc7 Rh3+ 44.Kf2 Rb6
45.Ra2 Bd6 46.Rcc2 h5 47.Bg2 Rh2 48.gxh5 Rb5 49.Kf3 Rbxh5 50.d4 f5 51.Bf1 Rh1
52.Bg2 Rb1 53.Rc6 Bf8 54.Ke2 Rb3 55.Rac2 Rh2 56.Kf3 Be7 57.R6c3 a2  0-1

[Event "EU-chT (Men)"]
[Site "Pula"]
[Date "1997.??.??"]
[Round "9"]
[White "Nikolaidis, Ioannis"]
[Black "Muir, Andrew J"]
[Result "1-0"]
[WhiteElo "2565"]
[BlackElo "2300"]

1.Nf3 d5 2.g3 Nf6 3.Bg2 e6 4.O-O Be7 5.d3 O-O 6.Nbd2 c5 7.e4 Nc6 8.Re1 b5
9.e5 Nd7 10.Nf1 a5 11.h4 b4 12.N1h2 Ba6 13.h5 a4 14.a3 bxa3 15.bxa3 Rb8 16.Bf4 Rb2
17.Qc1 Qb6 18.Ng4 Nd4 19.Nxd4 cxd4 20.Bg5 Bxg5 21.Qxg5 f6 22.exf6 Nxf6 23.h6 Qc7
24.Rxe6 Nxg4 25.Re7 Qxe7 26.Bxd5+ Kh8 27.Qxe7  1-0

[Event "Registro op"]
[Site "Registro"]
[Date "1997.??.??"]
[Round "3"]
[White "Braga, Cicero"]
[Black "Gamboa, Juan"]
[Result "1-0"]
[WhiteElo "2390"]
[BlackElo "2175"]

1.g3 d5 2.Nf3 Nf6 3.Bg2 Nc6 4.d4 Bf5 5.O-O Qd7 6.c4 e6 7.Nc3 Ne4 8.Nh4 Nxc3
9.bxc3 Be4 10.f3 Bg6 11.cxd5 exd5 12.e4 Be7 13.exd5 Qxd5 14.f4 Qd7 15.f5 Bxh4
16.fxg6 Bf6 17.gxf7+ Qxf7 18.Rb1 O-O-O 19.Qa4 Rhf8 20.Qb5 Rd6 21.Bf4 Nd8
22.Bxb7+ Nxb7 23.Qxb7+  1-0

[Event "Rome-ch"]
[Site "Rome"]
[Date "1997.??.??"]
[Round "5"]
[White "Sibilio, Mario"]
[Black "Malloni, Marcello"]
[Result "1/2-1/2"]
[WhiteElo "2320"]
[BlackElo "2225"]

1.Nf3 d5 2.g3 c6 3.Bg2 Nf6 4.O-O Bf5 5.b3 e6 6.Bb2 h6 7.d3 Be7 8.Nbd2 O-O
9.Qe1 Bh7 10.e4 a5 11.a3 Nbd7 12.Kh1 b5 13.e5 Ne8 14.Nd4 Qb6 15.f4 c5 16.Ne2 Nc7
17.g4 d4 18.a4 Nd5 19.axb5 Qxb5 20.Nc4 a4 21.bxa4 Rxa4 22.Ba3 Rxc4 23.dxc4 Qxc4
24.Bc1 Bxc2 25.Ra7 Nb8 26.f5 Nc6 27.Rd7 Bd3 28.fxe6 fxe6 29.Rxf8+ Bxf8 30.Nf4 Nxf4
31.Bxf4 Ne7 32.Rd8 Ng6 33.Bg3 Qb5 34.Bf3 Qb2 35.h4 Nh8 36.Be4 Qc2 37.Bxd3 Qxd3
38.Qf2 Nf7 39.Rd7 Qg6 40.Qf3 Nh8 41.h5 Qe8 42.Qb7 Nf7 43.Bf4 Nh8 44.Kh2 g6
45.Rc7 gxh5 46.Bxh6 Qg6 47.Bxf8 Qc2+ 48.Kg3 h4+ 49.Kh3 Qc3+ 50.Kxh4 Qe1+
51.Kh3 Qe3+ 52.Kg2 Qe2+ 53.Kh3 Qe3+ 54.Kg2  1/2-1/2

[Event "Rome op1"]
[Site "Rome"]
[Date "1997.??.??"]
[Round "8"]
[White "Satta, Vladimiro"]
[Black "Coppini, Giorgio"]
[Result "1/2-1/2"]
[WhiteElo "2245"]
[BlackElo "2195"]

1.g3 d5 2.Nf3 c6 3.Bg2 Bf5 4.b3 Nf6 5.Bb2 h6 6.O-O e6 7.d3 Be7 8.Nbd2 O-O
9.Qe1 Bh7 10.e4 Nbd7 11.Qe2 Nc5 12.Ne5 Nfd7 13.Nxd7 Nxd7 14.f4 Bc5+ 15.Kh1 a5
16.a3 a4 17.b4 Be7 18.Rae1 Re8 19.f5 Bf6 20.fxe6 Rxe6 21.Qf2 Re7 22.d4 Nb6
23.h4 dxe4 24.Nxe4 Bxe4 25.Bxe4 Nc4 26.Ba1 Rxe4 27.Rxe4 Qd5 28.Qg2 Nd2 29.Rfe1 Nxe4  1/2-1/2

[Event "WchT U26"]
[Site "Roque Saenz Pena"]
[Date "1997.??.??"]
[Round "3"]
[White "Bakhtadze, Giorgi"]
[Black "Sirnik, Bostjan"]
[Result "0-1"]
[WhiteElo "2365"]
[BlackElo "2130"]

1.Nf3 d5 2.g3 c6 3.Bg2 Nf6 4.b3 Bg4 5.Bb2 Nbd7 6.O-O e6 7.d3 Be7 8.Nbd2 O-O
9.h3 Bh5 10.e4 h6 11.Qe2 a5 12.a4 Qc7 13.e5 Bxf3 14.Nxf3 Nh7 15.Rfe1 Rfb8
16.c4 Nc5 17.Nd4 dxc4 18.dxc4 Nf8 19.Rad1 Rd8 20.Bc1 Rd7 21.f4 Rad8 22.Be3 Na6
23.Nf3 Bc5 24.Rb1 Qb6 25.Qf2 Rd3 26.Bxc5 Qxc5 27.Qxc5 Nxc5 28.b4 axb4 29.Rxb4 Ra3
30.Reb1 Ra8 31.Rxb7 Nxb7 32.Rxb7 R8xa4 33.Nd4 Rxc4 34.Nxc6 Rxg3 35.Ne7+ Kh7
36.Kf2 Ra3  0-1

[Event "Mechanics"]
[Site "San Francisco"]
[Date "1997.??.??"]
[Round "2"]
[White "Wolski, Thomas"]
[Black "Baburin, Alexander"]
[Result "0-1"]
[WhiteElo "2300"]
[BlackElo "2570"]

1.Nf3 d5 2.g3 c6 3.Bg2 Bg4 4.O-O Nd7 5.d4 Ngf6 6.b3 Bxf3 7.Bxf3 e5 8.e3 e4
9.Bg2 h5 10.c4 h4 11.Ba3 hxg3 12.hxg3 Bxa3 13.Nxa3 Qe7 14.Nb1 Nf8 15.Nc3 Ne6
16.cxd5 cxd5 17.Qe2 Ng5 18.Rfc1 a6 19.Na4 Kf8 20.Rc2 g6 21.Rac1 Kg7 22.Rc7 Qe6
23.Nc5 Qf5 24.Nxb7 Nf3+ 25.Kf1 Ng4 26.Qb2 Raf8 27.Nc5 Rh2 28.Nd7 Nxe3+ 29.Ke2 Rxg2
30.Nxf8 Ng4 31.Rf1 Nfh2 32.Qa3 Nxf1 33.Ne6+ Qxe6 34.Qc5 Rxf2+ 35.Ke1 Nxg3
36.Rc8 Qxc8 37.Qxc8 e3  0-1

[Event "Saratoga Springs op"]
[Site "Saratoga"]
[Date "1997.??.??"]
[Round "3"]
[White "Kwartler, Lonnie"]
[Black "Taylor, Steven"]
[Result "1/2-1/2"]
[WhiteElo "2260"]
[BlackElo "2240"]

1.Nf3 d5 2.g3 c5 3.Bg2 Nc6 4.d4 Nf6 5.O-O e6 6.c4 Be7 7.cxd5 exd5 8.dxc5 O-O
9.Nbd2 Bxc5 10.Nb3 Bb6 11.Bg5 h6 12.Bf4 Re8 13.Rc1 Bf5 14.Nfd4 Nxd4 15.Nxd4 Bxd4
16.Qxd4 Rxe2 17.Be5 Qb6 18.Bf3 Qxd4 19.Bxd4 Re7 20.Bxf6 gxf6 21.Bxd5 Rd8
22.Rfd1 Be6 23.Bxe6 Rxd1+ 24.Rxd1 fxe6 25.Rd8+ Kf7 26.Rh8 Kg6 27.Rb8 Rc7
28.Kg2 b6 29.Ra8 Rc2 30.Rxa7 Rxb2 31.a4 b5 32.Rb7 b4 33.g4 b3 34.Kg3 h5 35.h3 hxg4
36.hxg4 Ra2 37.Rb4 b2 38.f3 Rxa4 39.Rxb2 f5 40.Rb6 fxg4 41.fxg4 Kg5 42.Rb5+ Kg6
43.Kh4 Ra1 44.Rg5+ Kf6  1/2-1/2

[Event "Saratoga Springs op"]
[Site "Saratoga"]
[Date "1997.??.??"]
[Round "3"]
[White "Burnett, Ronald"]
[Black "Schneider, Dmitry"]
[Result "1-0"]
[WhiteElo "2445"]
[BlackElo "2255"]

1.Nf3 d5 2.g3 c5 3.Bg2 Nc6 4.O-O e6 5.c4 Nf6 6.d4 Be7 7.cxd5 exd5 8.Nc3 Be6
9.dxc5 Bxc5 10.Na4 Be7 11.Be3 O-O 12.Bc5 Rc8 13.Rc1 Ne4 14.Bxe7 Qxe7 15.Nd4 Rfd8
16.Nxc6 bxc6 17.Qd4 Nd6 18.Nc5 Bf5 19.e3 f6 20.b3 Nf7 21.g4 Bg6 22.f4 Nd6
23.f5 Bf7 24.Qf4 h6 25.Rfe1 Re8 26.Kf2 Qe5 27.Qxe5 fxe5 28.e4 d4 29.Bf1 Nb5
30.Na4 Nd6 31.Ba6 Rc7 32.Rc5 Ree7 33.h4 Be8 34.Nb2 Nb7 35.Bxb7 Rxb7 36.Nd3 Rb5
37.Rxb5 cxb5 38.Rc1 Kf7 39.Rc5 Kf6 40.Kf3 a5 41.Nxe5 g5 42.Nd3 gxh4 43.e5+ Kg5
44.Nf4 h3 45.Nxh3+ Kh4 46.Nf4 h5 47.gxh5 d3 48.Ng6+ Bxg6 49.hxg6 Rd7 50.Rc1 Kg5
51.g7  1-0

[Event "Bayern-ch Seniors op"]
[Site "Schloss Schney"]
[Date "1997.??.??"]
[Round "7"]
[White "Hartlaub, Marianne"]
[Black "Franz, Irma"]
[Result "0-1"]
[WhiteElo "1598"]
[BlackElo "1330"]

1.Nf3 d5 2.g3 Nc6 3.b3 e5 4.d3 h6 5.Bb2 Bd6 6.Bg2 Nf6 7.O-O Be6 8.Nbd2 O-O
9.a3 Qd7 10.Re1 Bh3 11.Bh1 Rfe8 12.Rc1 a6 13.c4 d4 14.Qc2 Rac8 15.b4 Bf8
16.b5 Nb8 17.a4 axb5 18.axb5 c6 19.bxc6 Nxc6 20.Ra1 Ra8 21.Reb1 Ra6 22.Rxa6 bxa6
23.Qa4 Qc8 24.Ra1 Nb8 25.Ne1 Bd7 26.Qb3 Bc6 27.Bxc6  0-1

[Event "Schwaebisch Gmuend op"]
[Site "Schwaebisch Gmuend"]
[Date "1997.??.??"]
[Round "2"]
[White "Jurek, Josef"]
[Black "Ruprich, Udo"]
[Result "1-0"]
[WhiteElo "2380"]
[BlackElo "1965"]

1.Nf3 d5 2.g3 Nf6 3.c4 e6 4.Bg2 Nbd7 5.b3 Be7 6.O-O O-O 7.d4 c6 8.Qc2 Ne4
9.Nbd2 f5 10.Bb2 Qe8 11.Ne1 Ndf6 12.Ndf3 Kh8 13.Nd3 Bd6 14.Nfe5 Nd7 15.Rae1 Bxe5
16.Nxe5 Nxe5 17.dxe5 Bd7 18.Ba3 Rg8 19.f3 Ng5 20.e4 fxe4 21.fxe4 dxc4 22.Qf2 h6
23.bxc4 b6 24.Bd6 c5 25.Qf4 Bc8 26.h4 Nh7 27.Rf2 Ba6 28.Bf1 Rd8 29.Re3 Rd7
30.Ra3 Bc8 31.Be2 g5 32.Qe3 Qg6 33.h5 Qg7 34.Bg4 Rf7 35.Rxf7 Qxf7 36.Qe2 Qd7
37.Rf3 Qc6 38.Ra3 Qd7 39.Qd1 Rg7 40.Rd3 Qe8 41.Bxc5 Rd7 42.Bd6 Bb7 43.Rd4 Rf7
44.Bb8 Kg7 45.Bxa7 Bxe4 46.Bxb6 Qc6 47.Rd6 Qxc4 48.Rd7 Bd5 49.Rxd5 Qxd5 50.Qxd5 exd5
51.a4 Re7 52.a5 Nf8 53.a6 Re8 54.a7 Ra8 55.Bf3 Nd7 56.Bd4 Rxa7 57.Bxa7 Nxe5
58.Bd4 Kf6 59.Bg4  1-0

[Event "Schwaebisch Gmuend op"]
[Site "Schwaebisch Gmuend"]
[Date "1997.??.??"]
[Round "7"]
[White "Hartmann, T."]
[Black "Lindoerfer, Klaus"]
[Result "0-1"]
[WhiteElo "2005"]
[BlackElo "2270"]

1.Nf3 d5 2.g3 c5 3.d4 e6 4.Bg2 Nc6 5.O-O Nf6 6.c3 Qb6 7.Qb3 Qxb3 8.axb3 cxd4
9.cxd4 Bd7 10.Bd2 Be7 11.Rc1 O-O 12.Bf1 Rfc8 13.Nc3 Be8 14.Be1 Nd7 15.e3 f6
16.Bh3 Kf7 17.Nd2 Nb4 18.Bf1 Nf8 19.Ndb1 Bc6 20.Na3 Nd7 21.Nc2 Nxc2 22.Rxc2 f5
23.Rac1 Nf6 24.Na2 Bd7 25.Nb4 Rxc2 26.Rxc2 Rc8 27.Rxc8 Bxc8 28.Nd3 Nd7 29.f4 Bd6
30.Kf2 Ke7 31.Ke2 Nf6 32.b4 Bd7 33.Ne5 Bb5+ 34.Kf2 Ne4+ 35.Kg1 Bxf1 36.Kxf1 Bxe5
37.dxe5 a6 38.Ke2 Kd7 39.Kd3 Kc6 40.b3 h6 41.h4 g6 42.Kc2 Kd7 43.Kd3 g5 44.Ke2 g4
45.Kd3 h5 46.Kc2 Kc6 47.Kd3 Kb5 48.Kc2 b6 49.Kd3 a5 50.bxa5 bxa5 51.Kc2 a4
52.bxa4+ Kxa4 53.Kb2 Kb5 54.Kb3 Kc5 55.Kb2 Kc4 56.Kc2 d4 57.Kd1 dxe3 58.Ke2 Kd4  0-1

[Event "Seefeld op"]
[Site "Seefeld"]
[Date "1997.??.??"]
[Round "?"]
[White "Kleinsasser, Franz"]
[Black "Babinetz, Rainer"]
[Result "0-1"]
[WhiteElo "2150"]
[BlackElo "1930"]

1.Nf3 d5 2.g3 c6 3.Bg2 Nf6 4.O-O Bf5 5.Re1 e6 6.d3 h6 7.Nbd2 Bc5 8.h3 O-O
9.c4 Nbd7 10.Qb3 Qc7 11.e4 dxc4 12.dxc4 Bxh3 13.e5 Bxg2 14.Kxg2 Ng4 15.Ne4 Ngxe5
16.Nxc5 Nxc5 17.Qe3 Ned3 18.Rh1 b6 19.b4 Nxb4 20.Bb2 f6 21.Rh4 Nc2  0-1

[Event "Sitges op"]
[Site "Sitges"]
[Date "1997.??.??"]
[Round "6"]
[White "Marin, Mihail"]
[Black "Magem Badals, Jorge"]
[Result "1/2-1/2"]
[WhiteElo "2545"]
[BlackElo "2570"]

1.Nf3 d5 2.g3 Bg4 3.Bg2 Nd7 4.c4 e6 5.cxd5 exd5 6.Nc3 c6 7.O-O Ngf6 8.d3 Be7
9.h3 Bh5 10.e4 Nc5 11.Qe2 dxe4 12.dxe4  1/2-1/2

[Event "RUS-Cup8"]
[Site "Smolensk"]
[Date "1997.??.??"]
[Round "6"]
[White "Yandemirov, Valeri"]
[Black "Landa, Konstantin"]
[Result "1/2-1/2"]
[WhiteElo "2500"]
[BlackElo "2570"]

1.Nf3 d5 2.g3 Nf6 3.Bg2 e6 4.O-O b6 5.d3 Bb7 6.e4 dxe4 7.Ng5 h6 8.Nxe4 Nxe4
9.dxe4 Qxd1 10.Rxd1 Nd7 11.b3 O-O-O 12.Bb2 Rg8 13.Na3  1/2-1/2

[Event "RUS-Cup8"]
[Site "Smolensk"]
[Date "1997.??.??"]
[Round "6"]
[White "Kuporosov, Viktor"]
[Black "Zakharov, Alexander S"]
[Result "1-0"]
[WhiteElo "2500"]
[BlackElo "2330"]

1.Nf3 d5 2.g3 Nf6 3.Bg2 c6 4.b3 Bg4 5.Bb2 Nbd7 6.c4 e6 7.O-O Be7 8.d3 O-O
9.Nbd2 a5 10.a3 Re8 11.h3 Bh5 12.Qc2 h6 13.Rfe1 Bg6 14.Bc3 b5 15.cxb5 cxb5
16.b4 a4 17.Qb2 Bd6 18.Ne5 Nxe5 19.Bxe5 Bxe5 20.Qxe5 Nd7 21.Qd4 Rc8 22.Rac1 Rc7
23.Qb2 Qb8 24.Rxc7 Qxc7 25.Rc1 Qb8 26.Nf3 Rc8 27.Nd4 Rxc1+ 28.Qxc1 Qb6 29.Qc8+ Kh7
30.Nc6 Nf6 31.g4 e5 32.Kf1 e4 33.d4 e3 34.fxe3 Bb1 35.Bf3 g5 36.Ne5 Kg7 37.Nc6 Bh7
38.Kf2 Bb1 39.Kg1 Bh7 40.Kg2 Bb1 41.Ne5 Ba2 42.Qc5 Qb7 43.Nc6 Bc4 44.Ne7 Qb8
45.Nf5+ Kg6 46.Qc6 Qd8 47.Kf2 h5 48.Qd6 Qxd6 49.Nxd6 hxg4 50.hxg4 Kg7 51.Ke1 Kf8
52.e4 dxe4 53.Nxe4 Nxe4 54.Bxe4 Ke7 55.Kd2 Be6 56.Bf5 Bd5 57.e4 Bc6 58.Ke3 Kd6
59.e5+ Ke7 60.Be4 Bd7 61.Kf3 f6 62.Bf5 Bc6+ 63.Ke3 Bg2 64.Bc8 Bc6 65.Bf5 Bg2
66.Be4 Bh3 67.Kf3  1-0

[Event "Sochi"]
[Site "Sochi"]
[Date "1997.??.??"]
[Round "?"]
[White "Yurtaev, Leonid"]
[Black "Egin, Vladimir"]
[Result "1/2-1/2"]
[WhiteElo "2495"]
[BlackElo "2425"]

1.Nf3 d5 2.g3 Bg4 3.Bg2 Nd7 4.O-O c6 5.d3 Ngf6 6.Nbd2 e5 7.h3 Bh5 8.Nh4 Bc5
9.g4 Bg6 10.e3 Ng8 11.Nxg6 hxg6 12.c4 Ne7 13.Rb1 a5 14.a3 a4 15.cxd5 Nxd5
16.Ne4 O-O 17.Qc2 Qe7 18.Bd2 Bb6 19.Nc3 Qc5 20.Rfc1 Rfd8 21.Nxd5 cxd5 22.Bb4 Qb5
23.d4 exd4 24.exd4 Nf6 25.Rd1 Rac8 26.Bc3 Qc6 27.Qd3 Ne4 28.Re1 Nxc3 29.bxc3 Ba5
30.Rb5 Qxc3 31.Qxc3 Bxc3 32.Re7 Bxd4 33.Bxd5 Rc1+ 34.Kg2 Rc2 35.Bxf7+ Kh7
36.Rbxb7 Rxf2+ 37.Kg3 Rc8 38.Rbc7 Rxc7 39.Rxc7 Be5+  1/2-1/2